Nontraditional Baby Girl Names U.S. - Statistics

General Stats
  • This quiz has been taken 31,860 times
    15,541 since last reset
  • The average score is 21 of 27
Answer Stats
Rank Hint Name % Correct
13 Latin word for the moon / A Harry Potter character Luna
97%
224 Elvis's last name Presley
96%
421 Mythical bird that rises from its own ashes Phoenix
92%
16 The polar lights / The princess from Sleeping Beauty Aurora
91%
337 Branch of the military that fights at sea Navy
91%
133 The place good people go when they die, spelled backwards Nevaeh
91%
512 What an angel has on its head Halo
89%
983 French fashion brand: Christian ___ Dior
86%
55 The first book of the Bible Genesis
86%
602 Inaccurate term for the Netherlands Holland
86%
287 Last name of a famous Jamaican singer Marley
85%
407 The Father, the Son, and the Holy Ghost, collectively Trinity
85%
290 Princess from a galaxy far, far away Leia
84%
458 1980s U.S. President, but with the A and E swapped Raegan
84%
606 A lucky number, but with a Y instead of the second E Sevyn
84%
855 A country that borders Brunei, Indonesia, and Thailand Malaysia
83%
90 Greek goddess of wisdom Athena
82%
775 The capital of Colorado Denver
82%
235 Bandmate of McCartney, Harrison, and Starr Lennon
79%
751 Simba's girlfriend Nala
73%
39 A new star / Spanish for "not going" Nova
68%
568 U.S. President who came after Madison Monroe
63%
572 Island in the Gulf of Naples known for short pants Capri
59%
741 President who the tallest mountain in the U.S. is named for McKinley
59%
50 Biblical temptress who cut Samson's hair Delilah
53%
665 Female leader of the Dothraki people from "Game of Thrones" Khaleesi
45%
603 What Jartin Juther Jing had? Jream
39%
No matching quizzes found
Score Distribution
Percent of People with Each Score
Percentile by Number Answered
Your Score History
You have not taken this quiz since the last reset